000 00203 a2200097 4500
001 52766
100 _aMichener, J
245 _aReturn to Paradise
260 _aLondon
_bCorgi
_c
090 _c33208
_d33208
942 _aNUST-CAE
_cM
_c25790
999 _c287839
_d287839